Andělské milování /

Hlavní autor: Dočekal, Boris, 1950-
Jazyk: Čeština
Vydáno: Praha : Euromedia, 2018
Vydání: Vydání první
Edice: Česká povídka (Euromedia)
Témata:
Fyzický popis: 158 stran ; 18 cm
Knihy
Uloženo v:
LEADER 01210nam a2200385 i 4500
001 nkc20183001712
003 CZ PrNK
005 20210702142334.0
007 ta
008 180612s2018 xr g 000 j cze
015 |a cnb003001712 
020 |a 978-80-7549-846-5  |q (vázáno) 
035 |a (OCoLC)1051234691 
040 |a OLA001  |b cze  |e rda 
072 7 |a 821.162.3-3  |x Česká próza  |2 Konspekt  |9 25 
080 |a 821.162.3-32  |2 MRF 
080 |a (0:82-32)  |2 MRF 
100 1 |a Dočekal, Boris,  |d 1950-  |7 jn19990218017  |4 aut 
245 1 0 |a Andělské milování /  |c Boris Dočekal 
250 |a Vydání první 
264 1 |a Praha :  |b Euromedia,  |c 2018 
300 |a 158 stran ;  |c 18 cm 
336 |a text  |b txt  |2 rdacontent 
337 |a bez média  |b n  |2 rdamedia 
338 |a svazek  |b nc  |2 rdacarrier 
490 1 |a Česká povídka 
655 7 |a české povídky  |7 fd133971  |2 czenas 
655 9 |a Czech short stories  |2 eczenas 
830 0 |a Česká povídka (Euromedia)  |0 s 
910 2 |a BOA001  |b 1-1413.262 
928 9 |a Euromedia Group - Listen 
990 |a BK 
995 |a 01 
991 |b 201808  |c NOV 
996 6 |b 2610750806  |c 1-1413.262  |l MZK  |r Sklad / do 1 hodiny  |n 0  |p p.v.  |w 001677214  |u 000010  |a 1  |e BOA001  |j MZK50  |s P